• 首页
  • 本馆介绍
  • 公告通知
  • 最新文献
  • 馆藏检索
  • 电子资源
  • 读者导购
  • 参考咨询
  • 我的图书馆
  • 登录
  • 详细信息显示
  • 放入我的书架
  • 预约/预借图书
  • 作者相关作品
  • 分类相关作品
  • 丛书相关作品
  • 出版社相关作品

书目信息

  • 表格格式
  • 工作单格式
  • 卡片格式
题名:
中国现代文学作品选
    
 
作者: 朱栋霖
分册: 第四卷  
出版信息: 北京   高等教育出版社  2012.04
页数: 343页
开本: 24cm
丛书名:
单 册:
中图分类: I216.1
科图分类:
主题词: 文学--作品集--中国
电子资源:
ISBN: 978-7-04-033988-8
000 00621nam0 2200205 450
001 2338075341
005 20230531103649.16
010    @a978-7-04-033988-8@dCNY29.20
100    @a20230531d2012 km y0chiy0120 ea
101 0  @achi
102    @aCN@b110000
200 1  @a中国现代文学作品选@AZhong Guo Xian Dai Wen Xue Zuo Pin Xuan@h第四卷@f朱栋霖@FZhu Dong Lin
205    @a2版
210    @a北京@c高等教育出版社@d2012.04
215    @a343页@d24cm
606 0  @a文学@x作品集@x中国
690    @aI216.1@v4
701  0 @a朱栋霖@AZhu Dong Lin
801  0 @aCN@b大连网信软件有限公司图书馆·11@c20230531
905    @aZUCC@dI216.1@e1184:4=2
    
    中国现代文学作品选.第四卷/朱栋霖.-2版.-北京:高等教育出版社,2012.04
    343页;24cm
    
    
    ISBN 978-7-04-033988-8:CNY29.20
    
●
相关链接 在E读中查询图书 在五车中查询图书 在当当中查询图书 在豆瓣中查询图书


正题名:中国现代文学作品选     索取号:I216.1/1184:4=2         预约/预借

序号 登录号 条形码 馆藏地/架位号 状态 备注
1 1052814   210528142   第一样本阅览室/ [索取号:I216.1/1184:4=2] 在馆    
唐山师范学院图书馆 欢迎您!
大连网信软件有限公司© 版权所有